| 000 | 003950000a22001090004500 | ||
|---|---|---|---|
| 090 |
_aAS _bSeriadas |
||
| 245 | 1 | 0 | _aInfectividad y efectividad de los actinomicetos del género Frankia asociados con Alnus acuminata ssp. acuminata en Colombia |
| 041 | 0 | _aEspañol | |
| 100 | 1 |
_aRestrepo Uribe, Guillermo _999841 |
|
| 942 | _cARTICULO | ||
| 773 | 1 |
_tCrónica Forestal y del Medio Ambiente _h12 _q5-20 _d1997 |
|
| 999 |
_c15580 _d15580 |
||